Statistiken für Alle Feuer-Pokemon (Gen 1)

Klicken Sie hier um das Quiz zu spielen!

Allgemein

  • Dieses Quiz wurde 221 mal gespielt
  • Das Durchschnittsergebnis liegt bei 10 aus 12

Antwortstatistiken

HintAntwort% Korrekt
#004Glumanda
99%
#006Glurak
99%
#005Glutexo
97%
#146Lavados
88%
#059Arkani
83%
#058Fukano
83%
#126Magmar
80%
#136Flamara
75%
#078Gallopa
75%
#077Ponita
75%
#037Vulpix
75%
#038Vulnona
74%

Verteilung der Resultate

Perzentil nach korrekt beantworteten Fragen

Anzahl Personen mit jedem Resultat

Ihre Resultats-Entwicklung

Sie haben dieses Quiz noch nicht gespielt